000 00552nam a2200145 a 4500
001 000039401
005 20201002031630.0
008 130626s1998 dr 000 0 spa d
040 _aDO-SdBNP
_bspa
_cBNPHU
100 1 _aRodríguez Ureña, Leonel
_965606
245 1 0 _aSugerencias al PLD :
_bal partido, al candidato, al presidente elegido, al presidente en funciones /
_cLeonel Rodríguez Ureña ; prólogo Aníbal de Castro.
260 _aSanto Domingo :
_bCentenario,
_c1998.
300 _a264 p. ;
_c25 cm.
700 1 _aCastro, Aníbal de,
_epról.
_98559
999 _c38891
_d38891